[Event "Capablanca mem Premier II"]
[Site "La Habana CUB"]
[Date "2005.05.13"]
[Round "8.7"]
[White "Quezada, Yuniesky"]
[Black "Schilow, Wladimir"]
[Result "1/2-1/2"]
[WhiteElo "2502"]
[BlackElo "2425"]
[PlyCount "59"]
[EventDate "2005.05.06"]
[EventType "tourn"]
[EventRounds "1"]
[EventCountry "CUB"]
[EventCategory "8"]
[Source "lmi"]
[SourceDate "2005.05.22"]

1. e4 e6 2. d4 d5 3. Nc3 Bb4 4. e5 Ne7 5. a3 Bxc3+ 6. bxc3 c5 7. Qg4 O-O 8. Bd3
f5 9. exf6 Rxf6 10. Bg5 Rf7 11. Qh5 g6 12. Qd1 Nbc6 13. Nf3 Qf8 14. O-O c4 15.
Be2 h6 16. Bc1 Qg7 17. a4 g5 18. g3 Ng6 19. Rb1 b6 20. Be3 Bd7 21. Nd2 Raf8 22.
Bf3 Kh7 23. Kh1 Rf6 24. Bg2 Qe7 25. Ra1 Qg7 26. Qh5 Be8 27. Qg4 Bd7 28. Qh5 Be8
29. Qg4 Bd7 30. Qh5 1/2-1/2

[Event "Capablanca mem Premier II"]
[Site "La Habana CUB"]
[Date "2005.05.14"]
[Round "9.1"]
[White "Schilow, Wladimir"]
[Black "Prasca Sosa, Raphael"]
[Result "1/2-1/2"]
[WhiteElo "2425"]
[BlackElo "2442"]
[PlyCount "76"]
[EventDate "2005.05.06"]
[EventType "tourn"]
[EventRounds "1"]
[EventCountry "CUB"]
[EventCategory "8"]
[Source "lmi"]
[SourceDate "2005.05.22"]

1. e4 e6 2. Nf3 d5 3. Nc3 Nf6 4. e5 Nfd7 5. d4 c5 6. Bb5 a6 7. Bxd7+ Bxd7 8.
Be3 c4 9. O-O Nc6 10. Ng5 h6 11. Nh3 g6 12. Ne2 b5 13. c3 b4 14. b3 Na5 15.
Nhf4 bxc3 16. Nxc3 Bg7 17. Bc1 O-O 18. Ba3 Re8 19. Bb4 Rb8 20. Bd6 Rc8 21. Nfe2
Nb7 22. Ba3 Qa5 23. Bb2 Bb5 24. Re1 Re7 25. Nb1 cxb3 26. axb3 Qb6 27. Nbc3 Rec7
28. Rc1 Na5 29. Nxb5 Qxb5 30. Rxc7 Rxc7 31. Nc1 h5 32. g3 Bf8 33. Re2 Rb7 34.
Re3 Bb4 35. Kg2 Rc7 36. Re2 Bf8 37. Rc2 Rc6 38. Rxc6 Nxc6 1/2-1/2

[Event "Capablanca mem Premier II"]
[Site "La Habana CUB"]
[Date "2005.05.14"]
[Round "9.3"]
[White "Fernandez Garcia, Jose Luis"]
[Black "Giaccio, Alfredo"]
[Result "1/2-1/2"]
[WhiteElo "2468"]
[BlackElo "2478"]
[PlyCount "89"]
[EventDate "2005.05.06"]
[EventType "tourn"]
[EventRounds "1"]
[EventCountry "CUB"]
[EventCategory "8"]
[Source "lmi"]
[SourceDate "2005.05.22"]

1. e4 e6 2. Nf3 d5 3. exd5 exd5 4. d4 Bd6 5. c4 c6 6. Nc3 Ne7 7. Bd3 O-O 8. O-O
Nd7 9. cxd5 cxd5 10. Bg5 f6 11. Bh4 Nb6 12. Qc2 g6 13. Bg3 Bf5 14. Bxd6 Qxd6
15. Bxf5 Nxf5 16. a4 Qc6 17. Qb3 Qc4 18. Qa2 Qxa2 19. Rxa2 Ne7 20. Ne1 Nc6 21.
Nc2 a5 22. Nb5 Rae8 23. Rd1 Re2 24. b3 Re6 25. Kf1 Rc8 26. Re1 Kf7 27. Raa1 Ke7
28. Rac1 Rxe1+ 29. Rxe1+ Kd7 30. Ne3 Ne7 31. Ke2 Nc6 32. Ng4 Re8+ 33. Ne3 Rc8
34. Kd2 Nb4 35. Nc3 Rc6 36. h4 Nc8 37. h5 Ne7 38. hxg6 hxg6 39. Rh1 Ke6 40. Rh7
b6 41. Nc2 Nxc2 42. Kxc2 Rc8 43. Kd2 Nc6 44. Rb7 Rb8 45. Rxb8 1/2-1/2

[Event "Capablanca mem Premier II"]
[Site "La Habana CUB"]
[Date "2005.05.14"]
[Round "9.4"]
[White "Perez, Orelvis"]
[Black "Hernandez, Roman"]
[Result "1/2-1/2"]
[WhiteElo "2439"]
[BlackElo "2367"]
[PlyCount "82"]
[EventDate "2005.05.06"]
[EventType "tourn"]
[EventRounds "1"]
[EventCountry "CUB"]
[EventCategory "8"]
[Source "lmi"]
[SourceDate "2005.05.22"]

1. e4 e5 2. d4 exd4 3. Qxd4 Nc6 4. Qe3 Nf6 5. Nc3 Bb4 6. Bd2 O-O 7. O-O-O Re8
8. Qg3 Rxe4 9. a3 Bxc3 10. Bxc3 d5 11. f3 Re8 12. Ne2 Be6 13. Nf4 a6 14. Bc4 d4
15. Nxe6 fxe6 16. Rhe1 Nd5 17. Bxd4 Nxd4 18. Rxd4 c6 19. Bd3 Qf6 20. Qh4 Qxh4
21. Rxh4 g6 22. Rhe4 Kf7 23. h4 Re7 24. f4 Rd8 25. Be2 Nf6 26. Re3 Rd4 27. g3
h5 28. Bf3 Ng8 29. c3 Rd6 30. g4 hxg4 31. Bxg4 Nh6 32. Bh3 Kf6 33. h5 Nf5 34.
Bxf5 gxf5 35. Rh3 Rg7 36. h6 Rh7 37. Kc2 Rd8 38. Kb3 Rdh8 39. Reh1 Rd8 40. Re3
Rdh8 41. Reh3 Rd8 1/2-1/2

[Event "Capablanca mem Premier II"]
[Site "La Habana CUB"]
[Date "2005.05.14"]
[Round "9.5"]
[White "Colovic, Aleksandar"]
[Black "Borges, Juan"]
[Result "1/2-1/2"]
[WhiteElo "2418"]
[BlackElo "2484"]
[PlyCount "57"]
[EventDate "2005.05.06"]
[EventType "tourn"]
[EventRounds "1"]
[EventCountry "CUB"]
[EventCategory "8"]
[Source "lmi"]
[SourceDate "2005.05.22"]

1. e4 e6 2. d4 d5 3. Nc3 Nf6 4. Bg5 dxe4 5. Nxe4 Be7 6. Bxf6 gxf6 7. Nf3 b6 8.
Bd3 Bb7 9. O-O c6 10. Qe2 Qc7 11. c4 Nd7 12. Rad1 Qf4 13. Rfe1 O-O 14. c5 a5
15. cxb6 Nxb6 16. Nc5 Bc8 17. Be4 Nd5 18. Nd3 Qd6 19. Nfe5 fxe5 20. dxe5 Qc7
21. Bxh7+ Kxh7 22. Qh5+ Kg8 23. Qg4+ Kh7 24. Qh5+ Kg8 25. Re4 f5 26. Qg6+ Kh8
27. Qh6+ Kg8 28. Qg6+ Kh8 29. Qh6+ 1/2-1/2

[Event "Capablanca mem Premier II"]
[Site "La Habana CUB"]
[Date "2005.05.14"]
[Round "9.7"]
[White "Corrales, Fidel"]
[Black "Hernandez, Holden"]
[Result "1/2-1/2"]
[WhiteElo "2501"]
[BlackElo "2446"]
[PlyCount "30"]
[EventDate "2005.05.06"]
[EventType "tourn"]
[EventRounds "1"]
[EventCountry "CUB"]
[EventCategory "8"]
[Source "lmi"]
[SourceDate "2005.05.22"]

1. d4 d5 2. c4 c6 3. Nf3 Nf6 4. e3 Bf5 5. Nc3 e6 6. Nh4 Bg6 7. Bd2 Nbd7 8. Nxg6
hxg6 9. Qc2 Bd6 10. h3 O-O 11. Be2 dxc4 12. Bxc4 Rc8 13. O-O Bb8 14. Rad1 Qc7
15. g3 b5 1/2-1/2

[Event "Capablanca mem Premier II"]
[Site "La Habana CUB"]
[Date "2005.05.15"]
[Round "10.1"]
[White "Prasca Sosa, Raphael"]
[Black "Hernandez, Holden"]
[Result "1/2-1/2"]
[WhiteElo "2442"]
[BlackElo "2446"]
[PlyCount "129"]
[EventDate "2005.05.06"]
[EventType "tourn"]
[EventRounds "1"]
[EventCountry "CUB"]
[EventCategory "8"]
[Source "lmi"]
[SourceDate "2005.05.22"]

1. e4 e5 2. Bc4 Nf6 3. d3 c6 4. Bb3 d5 5. Qe2 Bd6 6. Nf3 O-O 7. Bg5 dxe4 8.
dxe4 h6 9. Bh4 Nbd7 10. Nbd2 Qe7 11. g4 g5 12. Bg3 Nc5 13. h3 a5 14. c3 Nxb3
15. axb3 b5 16. Nf1 Be6 17. N3d2 Nd7 18. Ne3 Nc5 19. h4 f6 20. hxg5 hxg5 21.
Nf5 Bxf5 22. gxf5 Qg7 23. Kf1 Rfd8 24. Kg2 Bf8 25. b4 axb4 26. Rxa8 Rxa8 27.
cxb4 Nd7 28. Nf1 Qf7 29. Ne3 Bxb4 30. Qd1 Bf8 31. Ng4 Bg7 32. Qd6 Nf8 33. Rh6
Nd7 34. Rg6 Kh8 35. Qd1 Nf8 36. Qh1+ Nh7 37. Ne3 Ra4 38. Qc1 Qd7 39. f3 Rd4 40.
Bf2 Rd2 41. Ng4 Rd1 42. Qc3 Ra1 43. Ne3 Nf8 44. b3 Ra8 45. Qc1 Nh7 46. Ng4 Ra2
47. Qh1 Qe7 48. Kg3 Ra8 49. Qc1 Rc8 50. Bc5 Qd7 51. Qh1 Qd2 52. Rxg7 Kxg7 53.
Qh6+ Kh8 54. Be7 Qe1+ 55. Kg2 Qd2+ 56. Kh3 Rc7 57. Bxf6+ Kg8 58. Bxe5 Rd7 59.
Qe6+ Kf8 60. Nh6 g4+ 61. Kg3 Qe1+ 62. Kf4 Qd2+ 63. Kg3 Qe1+ 64. Kf4 Qd2+ 65.
Kg3 1/2-1/2

[Event "Capablanca mem Premier II"]
[Site "La Habana CUB"]
[Date "2005.05.15"]
[Round "10.2"]
[White "Gongora, Maikel"]
[Black "Corrales, Fidel"]
[Result "1-0"]
[WhiteElo "2454"]
[BlackElo "2501"]
[PlyCount "77"]
[EventDate "2005.05.06"]
[EventType "tourn"]
[EventRounds "1"]
[EventCountry "CUB"]
[EventCategory "8"]
[Source "lmi"]
[SourceDate "2005.05.22"]

1. e4 c5 2. Nc3 Nc6 3. g3 g6 4. Bg2 Bg7 5. d3 d6 6. Nh3 Nf6 7. O-O O-O 8. Kh1
e5 9. f4 Bg4 10. Qd2 Nd4 11. fxe5 dxe5 12. Nf2 Be6 13. Qd1 h6 14. Be3 Qd7 15.
Qd2 Kh7 16. b3 b5 17. a4 a6 18. Ra2 c4 19. dxc4 bxc4 20. b4 Rfd8 21. Rb1 Rab8
22. Rab2 Ng4 23. Nxg4 Bxg4 24. b5 axb5 25. axb5 Be6 26. b6 f5 27. b7 fxe4 28.
Bxe4 Bf5 29. Rb6 Bxe4+ 30. Nxe4 Qg4 31. Qg2 Nxc2 32. Bg1 Nd4 33. h3 Qe2 34.
Qxe2 Nxe2 35. Rc6 Nxg1 36. Kxg1 Rd7 37. Nc5 Rd2 38. Na6 Rf8 39. b8=Q 1-0

[Event "Capablanca mem Premier II"]
[Site "La Habana CUB"]
[Date "2005.05.15"]
[Round "10.3"]
[White "Borges, Juan"]
[Black "Almeida, Omar"]
[Result "1/2-1/2"]
[WhiteElo "2484"]
[BlackElo "2452"]
[PlyCount "20"]
[EventDate "2005.05.06"]
[EventType "tourn"]
[EventRounds "1"]
[EventCountry "CUB"]
[EventCategory "8"]
[Source "lmi"]
[SourceDate "2005.05.22"]

1. d4 e6 2. c4 Nf6 3. Nc3 Bb4 4. e3 O-O 5. Nf3 d5 6. Bd3 dxc4 7. Bxc4 c5 8. O-O
Nbd7 9. a3 Bxc3 10. bxc3 b6 1/2-1/2

[Event "Capablanca mem Premier II"]
[Site "La Habana CUB"]
[Date "2005.05.15"]
[Round "10.4"]
[White "Hernandez, Roman"]
[Black "Colovic, Aleksandar"]
[Result "1/2-1/2"]
[WhiteElo "2367"]
[BlackElo "2418"]
[PlyCount "64"]
[EventDate "2005.05.06"]
[EventType "tourn"]
[EventRounds "1"]
[EventCountry "CUB"]
[EventCategory "8"]
[Source "lmi"]
[SourceDate "2005.05.22"]

1. Nf3 Nf6 2. c4 b6 3. g3 c5 4. Bg2 Bb7 5. Nc3 g6 6. b3 Bg7 7. Bb2 O-O 8. O-O
d6 9. d3 Nbd7 10. Qd2 Rc8 11. h3 Qc7 12. e4 e6 13. Nh4 d5 14. cxd5 exd5 15.
Nxd5 Bxd5 16. exd5 Qd6 17. Rac1 Nxd5 18. Bxg7 Kxg7 19. Qg5 Ne7 20. Rfe1 Qf6 21.
Qxf6+ Kxf6 22. Rc4 g5 23. Nf3 Nf5 24. h4 h6 25. Bh3 Rcd8 26. hxg5+ hxg5 27.
Bxf5 Kxf5 28. d4 Rfe8 29. Rxe8 Rxe8 30. dxc5 Nxc5 31. b4 Ne6 32. Kf1 Rd8
1/2-1/2

[Event "Capablanca mem Premier II"]
[Site "La Habana CUB"]
[Date "2005.05.15"]
[Round "10.5"]
[White "Giaccio, Alfredo"]
[Black "Perez, Orelvis"]
[Result "0-1"]
[WhiteElo "2478"]
[BlackElo "2439"]
[PlyCount "70"]
[EventDate "2005.05.06"]
[EventType "tourn"]
[EventRounds "1"]
[EventCountry "CUB"]
[EventCategory "8"]
[Source "lmi"]
[SourceDate "2005.05.22"]

1. e4 c5 2. Nf3 d6 3. Nc3 Nf6 4. e5 dxe5 5. Nxe5 Nbd7 6. Nc4 e6 7. b3 Be7 8.
Bb2 O-O 9. Qf3 Rb8 10. a4 b6 11. Bd3 a6 12. O-O Qc7 13. Rfe1 Bb7 14. Qh3 Rfd8
15. Re3 Nf8 16. Ne2 N6d7 17. Ne5 Nxe5 18. Bxe5 Bd6 19. Bc3 Ra8 20. Qh5 f5 21.
f4 Qf7 22. Qh4 Ng6 23. Qf2 Ne7 24. Rg3 g6 25. Bc4 Nd5 26. Be5 Nf6 27. Bxf6 Qxf6
28. Re1 Kh8 29. Kh1 e5 30. fxe5 Bxe5 31. Rd3 Qg5 32. Ng1 Bd4 33. Qf1 Re8 34.
Rxe8+ Rxe8 35. c3 Re1 0-1

[Event "Capablanca mem Premier II"]
[Site "La Habana CUB"]
[Date "2005.05.15"]
[Round "10.6"]
[White "Quezada, Yuniesky"]
[Black "Fernandez Garcia, Jose Luis"]
[Result "1-0"]
[WhiteElo "2502"]
[BlackElo "2468"]
[PlyCount "69"]
[EventDate "2005.05.06"]
[EventType "tourn"]
[EventRounds "1"]
[EventCountry "CUB"]
[EventCategory "8"]
[Source "lmi"]
[SourceDate "2005.05.22"]

1. e4 e5 2. Nf3 Nc6 3. Bb5 a6 4. Ba4 Nf6 5. O-O Be7 6. Re1 b5 7. Bb3 O-O 8. h3
Bb7 9. d3 Re8 10. a3 Bc5 11. Nc3 h6 12. Be3 Nd4 13. Ba2 Bb6 14. Nd5 Nxd5 15.
exd5 c6 16. Bxd4 Bxd4 17. c3 Bb6 18. Rxe5 Qf6 19. Qe2 Rxe5 20. Qxe5 cxd5 21.
Qxf6 gxf6 22. d4 a5 23. Re1 b4 24. Nh4 a4 25. axb4 a3 26. Re2 Ba6 27. Rd2 axb2
28. Rxb2 Rc8 29. b5 Bb7 30. Rb3 Re8 31. g3 h5 32. Nf5 Re6 33. Ra3 Kf8 34. Ne3
Rd6 35. h4 1-0

[Event "Capablanca mem Premier II"]
[Site "La Habana CUB"]
[Date "2005.05.16"]
[Round "11.1"]
[White "Estremera Panos, Sergio"]
[Black "Prasca Sosa, Raphael"]
[Result "1/2-1/2"]
[WhiteElo "2385"]
[BlackElo "2442"]
[PlyCount "141"]
[EventDate "2005.05.06"]
[EventType "tourn"]
[EventRounds "1"]
[EventCountry "CUB"]
[EventCategory "8"]
[Source "lmi"]
[SourceDate "2005.05.22"]

1. d4 d5 2. c4 c6 3. Nf3 Nf6 4. e3 Bf5 5. cxd5 cxd5 6. Qb3 Qc7 7. Bd2 e6 8. Na3
Nc6 9. Rc1 Ne4 10. Bb4 Bxb4+ 11. Qxb4 Nxb4 12. Rxc7 O-O 13. Rxb7 Rab8 14. Rxb8
Rxb8 15. Nd2 Nd6 16. Be2 Nxa2 17. b3 Nc1 18. Bd1 Nd3+ 19. Ke2 Nc1+ 20. Ke1 Ne4
21. Bc2 Nxd2 22. Kxd2 Nxb3+ 23. Kc3 Bxc2 24. Nxc2 Na5 25. Nb4 Rc8+ 26. Kd3 Nc4
27. Na6 h5 28. Rb1 Nb6 29. Nc5 Rc7 30. f3 Kf8 31. h4 Ke7 32. e4 dxe4+ 33. fxe4
e5 34. Na6 Rc4 35. dxe5 Ra4 36. Nc7 Nd7 37. Rb5 a6 38. Rd5 Ra2 39. e6 fxe6 40.
Rxh5 Rxg2 41. Nxa6 Kd6 42. Nb4 Rg3+ 43. Kd2 Ne5 44. Rh7 Kc5 45. Nc2 Kc4 46. Rh5
Nf7 47. Ra5 Rg2+ 48. Kd1 Rh2 49. h5 Kd3 50. Ra3+ Kxe4 51. Re3+ Kd5 52. Rg3 Ne5
53. Rxg7 Rxh5 54. Ra7 Rh1+ 55. Ke2 Rh2+ 56. Kd1 Ke4 57. Ra6 Rh1+ 58. Ke2 Rh2+
59. Kd1 Rh6 60. Ra4+ Kd3 61. Ra3+ Kc4 62. Ra8 Rh1+ 63. Ke2 Rh2+ 64. Kd1 Kc3 65.
Rc8+ Kd3 66. Rd8+ Kc3 67. Rc8+ Kd3 68. Rd8+ Kc3 69. Rc8+ Nc4 70. Na3 Kd3 71.
Rd8+ 1/2-1/2

[Event "Capablanca mem Premier II"]
[Site "La Habana CUB"]
[Date "2005.05.16"]
[Round "11.2"]
[White "Fernandez Garcia, Jose Luis"]
[Black "Schilow, Wladimir"]
[Result "1/2-1/2"]
[WhiteElo "2468"]
[BlackElo "2425"]
[PlyCount "113"]
[EventDate "2005.05.06"]
[EventType "tourn"]
[EventRounds "1"]
[EventCountry "CUB"]
[EventCategory "8"]
[Source "lmi"]
[SourceDate "2005.05.22"]

1. e4 e6 2. d4 d5 3. Nc3 Nf6 4. Bg5 Be7 5. e5 Nfd7 6. Bxe7 Qxe7 7. f4 a6 8. Nf3
Nb6 9. a3 Bd7 10. Qd2 c5 11. Qf2 c4 12. g4 h5 13. gxh5 Rxh5 14. h4 Nc6 15. Qg3
g6 16. Bh3 O-O-O 17. O-O-O Rdh8 18. Bg4 R5h6 19. Rh2 Qf8 20. Rdh1 Ne7 21. Ng5
Nf5 22. Qf2 Be8 23. Ne2 Ng7 24. Qe3 Qe7 25. Ng3 Na4 26. c3 Nf5 27. Nxf5 gxf5
28. Bd1 Nb6 29. Nf3 Nd7 30. Rg1 Nf8 31. Rg5 Nh7 32. Rg7 Nf8 33. Rg5 Nh7 34. Rg3
Nf8 35. Rgh3 f6 36. exf6 Qxf6 37. Ng5 Bh5 38. Bxh5 Rxh5 39. Qg3 Kd7 40. Re2
R5h6 41. Rh1 Rg8 42. Qe1 Rg7 43. Kb1 Re7 44. h5 Qh8 45. Qh4 Nh7 46. Nf3 Nf8 47.
Rg2 Reh7 48. Ne5+ Kc7 49. Rg5 Nd7 50. Nxd7 Kxd7 51. Qg3 Rxh5 52. Rhxh5 Rxh5 53.
Rg7+ Kd6 54. Qg6 Rh6 55. Qf7 Qc8 56. Qe7+ Kc6 57. Rf7 1/2-1/2

[Event "Capablanca mem Premier II"]
[Site "La Habana CUB"]
[Date "2005.05.16"]
[Round "11.3"]
[White "Perez, Orelvis"]
[Black "Quezada, Yuniesky"]
[Result "0-1"]
[WhiteElo "2439"]
[BlackElo "2502"]
[PlyCount "50"]
[EventDate "2005.05.06"]
[EventType "tourn"]
[EventRounds "1"]
[EventCountry "CUB"]
[EventCategory "8"]
[Source "lmi"]
[SourceDate "2005.05.22"]

1. e4 c5 2. Nf3 d6 3. d4 cxd4 4. Nxd4 Nf6 5. Nc3 a6 6. Be2 e5 7. Nb3 Be7 8. Bg5
Be6 9. Qd3 Nbd7 10. O-O-O O-O 11. f4 Rc8 12. h4 b5 13. g4 Bc4 14. Qf3 b4 15.
Bxc4 Rxc4 16. Bxf6 bxc3 17. Qd3 cxb2+ 18. Kb1 Rc6 19. Bxe7 Qxe7 20. Na5 Rb6 21.
Nc4 Nc5 22. Qe2 Rbb8 23. fxe5 dxe5 24. Rh3 Na4 25. a3 Rbc8 0-1

[Event "Capablanca mem Premier II"]
[Site "La Habana CUB"]
[Date "2005.05.16"]
[Round "11.4"]
[White "Colovic, Aleksandar"]
[Black "Giaccio, Alfredo"]
[Result "1/2-1/2"]
[WhiteElo "2418"]
[BlackElo "2478"]
[PlyCount "58"]
[EventDate "2005.05.06"]
[EventType "tourn"]
[EventRounds "1"]
[EventCountry "CUB"]
[EventCategory "8"]
[Source "lmi"]
[SourceDate "2005.05.22"]

1. e4 e6 2. d4 d5 3. Nc3 Bb4 4. e5 Qd7 5. a3 Bxc3+ 6. bxc3 b6 7. Qg4 f5 8. Qg3
Ba6 9. Bxa6 Nxa6 10. Ne2 O-O-O 11. a4 Nb8 12. a5 Nc6 13. axb6 cxb6 14. O-O Qf7
15. c4 dxc4 16. Qc3 b5 17. Bg5 Rd5 18. Nf4 h6 19. Nxd5 exd5 20. e6 Qxe6 21.
Rfe1 Qd7 22. Bf4 b4 23. Qg3 g5 24. Be5 f4 25. Qf3 Rh7 26. Qh5 Qf7 27. Qg4+ Qd7
28. Qh5 Qf7 29. Qg4+ Qd7 1/2-1/2

[Event "Capablanca mem Premier II"]
[Site "La Habana CUB"]
[Date "2005.05.16"]
[Round "11.5"]
[White "Almeida, Omar"]
[Black "Hernandez, Roman"]
[Result "1/2-1/2"]
[WhiteElo "2452"]
[BlackElo "2367"]
[PlyCount "74"]
[EventDate "2005.05.06"]
[EventType "tourn"]
[EventRounds "1"]
[EventCountry "CUB"]
[EventCategory "8"]
[Source "lmi"]
[SourceDate "2005.05.22"]

1. d4 Nf6 2. Nf3 e6 3. c4 Bb4+ 4. Bd2 Qe7 5. g3 Nc6 6. Bg2 Bxd2+ 7. Nbxd2 d6 8.
O-O a5 9. e4 e5 10. d5 Nb8 11. Ne1 O-O 12. a3 a4 13. Nd3 Bg4 14. f3 Bd7 15. b4
axb3 16. Qxb3 Bc8 17. Qc3 Na6 18. f4 Nd7 19. Nb3 Re8 20. a4 Nac5 21. Nbxc5 Nxc5
22. Nxc5 dxc5 23. a5 Qd6 24. f5 f6 25. Rab1 Ra7 26. Rf2 Bd7 27. Rfb2 Rb8 28. h4
Kf8 29. g4 h6 30. Qe3 Be8 31. Kh2 Qe7 32. Bf3 Bd7 33. d6 cxd6 34. Rb6 Rxa5 35.
Rxb7 Rxb7 36. Rxb7 Ra2+ 37. Kg3 Qd8 1/2-1/2

[Event "Capablanca mem Premier II"]
[Site "La Habana CUB"]
[Date "2005.05.16"]
[Round "11.6"]
[White "Corrales, Fidel"]
[Black "Borges, Juan"]
[Result "1-0"]
[WhiteElo "2501"]
[BlackElo "2484"]
[PlyCount "75"]
[EventDate "2005.05.06"]
[EventType "tourn"]
[EventRounds "1"]
[EventCountry "CUB"]
[EventCategory "8"]
[Source "lmi"]
[SourceDate "2005.05.22"]

1. e4 c6 2. d4 d5 3. Nc3 dxe4 4. Nxe4 Bf5 5. Ng3 Bg6 6. h4 h6 7. Nf3 Nd7 8. h5
Bh7 9. Bd3 Bxd3 10. Qxd3 Ngf6 11. Bd2 e6 12. O-O-O Qc7 13. Ne4 Be7 14. Nxf6+
Bxf6 15. g3 b5 16. Kb1 Nb6 17. Bf4 Qb7 18. Nd2 Rd8 19. Ne4 Be7 20. g4 Nd5 21.
Be5 Rg8 22. Nc5 Qb6 23. Qh7 Kf8 24. Ne4 b4 25. Rd3 Qb5 26. Ka1 Qc4 27. g5 hxg5
28. h6 Bf6 29. hxg7+ Ke7 30. b3 Qb5 31. Nxf6 Nxf6 32. Qh6 Ne4 33. Re1 Qd5 34.
Rf3 Nd6 35. Qxg5+ Ke8 36. Qf6 Kd7 37. Rh3 Kc8 38. Rh8 1-0

[Event "Capablanca mem Premier II"]
[Site "La Habana CUB"]
[Date "2005.05.16"]
[Round "11.7"]
[White "Hernandez, Holden"]
[Black "Gongora, Maikel"]
[Result "0-1"]
[WhiteElo "2446"]
[BlackElo "2454"]
[PlyCount "96"]
[EventDate "2005.05.06"]
[EventType "tourn"]
[EventRounds "1"]
[EventCountry "CUB"]
[EventCategory "8"]
[Source "lmi"]
[SourceDate "2005.05.22"]

1. d4 Nf6 2. c4 e6 3. Nf3 b6 4. g3 Ba6 5. Nbd2 Bb4 6. Qc2 Bb7 7. Bg2 Be4 8. Qd1
O-O 9. O-O Bxd2 10. Qxd2 d6 11. b3 Nbd7 12. Bb2 Qe7 13. Rfd1 Rfd8 14. Bf1 Bb7
15. Rac1 a5 16. Ba3 c5 17. Nh4 cxd4 18. Qxd4 Nc5 19. f3 d5 20. Qe5 dxc4 21. Nf5
Qf8 22. Nh6+ Kh8 23. Rxd8 Rxd8 24. Bxc5 bxc5 25. bxc4 Bc6 26. Rb1 Nd7 27. Nxf7+
Qxf7 28. Qc7 Qf6 29. Qxc6 Qd4+ 30. Kg2 Ne5 31. Qxe6 h6 32. Rb3 a4 33. Ra3 Rd6
34. Qe8+ Kh7 35. f4 Ng4 36. Kh3 Nf2+ 37. Kg2 Ng4 38. Kh3 Rg6 39. Rf3 Qg1 40.
Qxg6+ Kxg6 41. Kxg4 Qxh2 42. f5+ Kf6 43. Rd3 Qf2 44. Rf3 Qd4+ 45. Rf4 Qa1 46.
Bg2 Qxa2 47. Re4 Qd2 48. Re6+ Kf7 0-1

[Event "Capablanca mem Premier II"]
[Site "La Habana CUB"]
[Date "2005.05.17"]
[Round "12.1"]
[White "Prasca Sosa, Raphael"]
[Black "Gongora, Maikel"]
[Result "1-0"]
[WhiteElo "2442"]
[BlackElo "2454"]
[PlyCount "103"]
[EventDate "2005.05.06"]
[EventType "tourn"]
[EventRounds "1"]
[EventCountry "CUB"]
[EventCategory "8"]
[Source "lmi"]
[SourceDate "2005.05.22"]

1. e4 c5 2. Nf3 Nc6 3. d4 cxd4 4. Nxd4 Nf6 5. Nc3 e6 6. g3 Qb6 7. Nb3 Bb4 8.
Bg2 Qa6 9. Bd2 O-O 10. a3 Be7 11. f4 d6 12. Be3 Na5 13. Nxa5 Qxa5 14. O-O Bd7
15. g4 Bc6 16. g5 Ne8 17. f5 g6 18. Qd2 Qc7 19. Rad1 b5 20. Rf2 a5 21. f6 Bd8
22. e5 b4 23. Nb5 Bxb5 24. Bxa8 d5 25. Bxd5 exd5 26. Qxd5 Nxf6 27. gxf6 Bc4 28.
Qd6 bxa3 29. bxa3 Qc8 30. Qd7 Bc7 31. Qxc8 Rxc8 32. Rfd2 Be6 33. Bd4 g5 34. c4
h5 35. c5 Kh7 36. c6 Kg6 37. Rc1 a4 38. Kf2 Kf5 39. Ke3 Bd5 40. Rc5 Bb3 41. Rb5
Ke6 42. Rb7 Ba5 43. Re7+ Kf5 44. Rf2+ Kg6 45. e6 Rxc6 46. exf7 Bxf7 47. h4 Be1
48. Rb2 gxh4 49. Rbb7 h3 50. Rxf7 h2 51. Rg7+ Kf5 52. Rb5+ 1-0

[Event "Capablanca mem Premier II"]
[Site "La Habana CUB"]
[Date "2005.05.17"]
[Round "12.2"]
[White "Borges, Juan"]
[Black "Hernandez, Holden"]
[Result "1/2-1/2"]
[WhiteElo "2484"]
[BlackElo "2446"]
[PlyCount "20"]
[EventDate "2005.05.06"]
[EventType "tourn"]
[EventRounds "1"]
[EventCountry "CUB"]
[EventCategory "8"]
[Source "lmi"]
[SourceDate "2005.05.22"]

1. d4 Nf6 2. c4 e6 3. Nc3 Bb4 4. Bd2 O-O 5. Nf3 d5 6. e3 c5 7. a3 Bxc3 8. Bxc3
Ne4 9. Rc1 Nxc3 10. Rxc3 cxd4 1/2-1/2

[Event "Capablanca mem Premier II"]
[Site "La Habana CUB"]
[Date "2005.05.17"]
[Round "12.3"]
[White "Hernandez, Roman"]
[Black "Corrales, Fidel"]
[Result "1/2-1/2"]
[WhiteElo "2367"]
[BlackElo "2501"]
[PlyCount "20"]
[EventDate "2005.05.06"]
[EventType "tourn"]
[EventRounds "1"]
[EventCountry "CUB"]
[EventCategory "8"]
[Source "lmi"]
[SourceDate "2005.05.22"]

1. d4 Nf6 2. c4 c6 3. Nf3 d5 4. cxd5 cxd5 5. Nc3 Nc6 6. Bf4 Bf5 7. e3 e6 8. Bd3
Bxd3 9. Qxd3 Bd6 10. Bxd6 Qxd6 1/2-1/2

[Event "Capablanca mem Premier II"]
[Site "La Habana CUB"]
[Date "2005.05.17"]
[Round "12.4"]
[White "Giaccio, Alfredo"]
[Black "Almeida, Omar"]
[Result "1-0"]
[WhiteElo "2478"]
[BlackElo "2452"]
[PlyCount "87"]
[EventDate "2005.05.06"]
[EventType "tourn"]
[EventRounds "1"]
[EventCountry "CUB"]
[EventCategory "8"]
[Source "lmi"]
[SourceDate "2005.05.22"]

1. e4 c5 2. Nf3 Nc6 3. d4 cxd4 4. Nxd4 Nf6 5. Nc3 e5 6. Ndb5 d6 7. Nd5 Nxd5 8.
exd5 Nb8 9. c4 Be7 10. Be2 O-O 11. O-O a6 12. Nc3 Bf5 13. Be3 Nd7 14. b4 Rc8
15. Rc1 Bg5 16. Qd2 Bxe3 17. Qxe3 Nb6 18. Nd1 Bg6 19. Nb2 Re8 20. Rfd1 e4 21.
c5 Qf6 22. Rb1 Nd7 23. Bg4 Ne5 24. Bxc8 Rxc8 25. cxd6 h5 26. Rbc1 Rd8 27. d7
Rxd7 28. Nc4 Ng4 29. Qg3 b5 30. h3 bxc4 31. hxg4 h4 32. g5 Qf5 33. Qh3 Rxd5 34.
Qxf5 Rxf5 35. Rxc4 Rxg5 36. Rd8+ Kh7 37. Rcc8 Bh5 38. Rh8+ Kg6 39. Rc5 f5 40.
Kh2 f4 41. Re8 Rxc5 42. bxc5 Kf5 43. Rh8 Bg4 44. c6 1-0

[Event "Capablanca mem Premier II"]
[Site "La Habana CUB"]
[Date "2005.05.17"]
[Round "12.7"]
[White "Estremera Panos, Sergio"]
[Black "Fernandez Garcia, Jose Luis"]
[Result "1/2-1/2"]
[WhiteElo "2385"]
[BlackElo "2468"]
[PlyCount "30"]
[EventDate "2005.05.06"]
[EventType "tourn"]
[EventRounds "1"]
[EventCountry "CUB"]
[EventCategory "8"]
[Source "lmi"]
[SourceDate "2005.05.22"]

1. d4 Nf6 2. c4 g6 3. Nc3 d5 4. cxd5 Nxd5 5. e4 Nxc3 6. bxc3 Bg7 7. Bc4 c5 8.
Ne2 Nc6 9. Be3 O-O 10. O-O Bg4 11. f3 Na5 12. Bd3 cxd4 13. cxd4 Be6 14. d5 Bxa1
15. Qxa1 f6 1/2-1/2